000 00794nam a2200217 i 4500
001 122362
003 ES-MaACL
005 20250904063056.0
007 t|
008 070214s1919 sp r ||||1| spa d
100 1 _aPrieto Pazos, Faustino,
_d1861-
_993938
245 1 0 _aConferencia a cargo del... Sr. D. Faustino Prieto y Pazos para desarrollar el tema `El Canal de Isabel II: lo que ha sido, es y debe llegar a ser`.
260 _aMadrid :
_bR. Velasco,
_c1919.
300 _a16 p. ;
_c24 cm.
500 _aPrecede al tít.: Cámara Oficial de la Propiedad Urbana de Madrid.
610 2 _aCanal de Isabel II.
_92422
710 2 _aCámara de la Propiedad Urbana de Madrid.
_92406
852 _aES-MaACL
_j1587-F-17
852 _aES-MaACL
_j1597-F-4
999 _c122362
_d122362